000 00584nam a2200181Ia 4500
008 090123s9999 xx 000 0 und d
082 _b37115
100 _aकुलकर्णी निरुपमा
245 _aआकाश भारती
250 _a1
260 _bमानसन्मान प्रकाशन
_c2004
300 _a85
600 _aकुलकर्णी निरुपमा
630 _aआकाश भारती
700 _aकुलकर्णी निरुपमा
730 _aआकाश भारती
942 _cBOOK
999 _c75181
_d75181